Año Christiano Marzo (Record no. 10885)

MARC details
000 -CABECERA
campo de control de longitud fija 01617nam a22003137a 4500
001 - NÚMERO DE CONTROL
campo de control BRCA_9266
003 - IDENTIFICADOR DEL NÚMERO DE CONTROL
campo de control FranzMayer
005 - FECHA Y HORA DE LA ÚLTIMA TRANSACCIÓN
campo de control 20230719122247.0
008 - DATOS DE LONGITUD FIJA--INFORMACIÓN GENERAL
campo de control de longitud fija 230719b |||||||| |||| 00| 0 eng d
040 ## - FUENTE DE LA CATALOGACIÓN
Centro catalogador/agencia de origen MFM
Lengua de catalogación esp
Centro/agencia transcriptor MFM
050 #4 - SIGNATURA TOPOGRÁFICA DE LA BIBLIOTECA DEL CONGRESO
Número de clasificación CO100
Número de documento/Ítem R43 1789
082 ## - NÚMERO DE LA CLASIFICACIÓN DECIMAL DEWEY
Número de edición BS617.8
110 1# - ENTRADA PRINCIPAL--NOMBRE DE ENTIDAD CORPORATIVA
Código de función/relación Editorial
Nombre de entidad corporativa o nombre de jurisdicción como elemento de entrada Real Compañía de Impresores y Libreros del Reyno
Unidad subordinada Imprenta de Pedro Marin
9 (RLIN) 28846
240 1# - TÍTULO UNIFORME
Título uniforme Año Christiano Marzo
Medio O exercicios devotos para todos los días del año
Lenguaje de la obra esp
245 0# - MENCIÓN DE TÍTULO
Título Año Christiano Marzo
Resto del título O exercicios devotos para todos los días del año
260 ## - PUBLICACIÓN, DISTRIBUCIÓN, ETC.
Lugar de publicación, distribución, etc. Madrid, España
Nombre del editor, distribuidor, etc. Pedro Marin
Fecha de publicación, distribución, etc. 1789
300 ## - DESCRIPCIÓN FÍSICA
Extensión 1 v.
Dimensiones 21 cm.
500 ## - NOTA GENERAL
Nota general El libro contiene una marca de fuego perteneciente a la orden de las Agustinas: Agustinas BFFB-025472
500 ## - NOTA GENERAL
Nota general La numeración del libro llega hasta la página 545 y posteriormente comienza de nuevo hasta la página 152
500 ## - NOTA GENERAL
Nota general Las últimas páginas del libro fueron restauradas
500 ## - NOTA GENERAL
Nota general El libro contiene dos tiras de cuero en la cubierta para cerrarlo.
505 0# - NOTA DE CONTENIDO CON FORMATO
Nota de contenido con formato Texto en: españolTraducido del: francésDirigido a: estudiosos, teólogos, historiadores y especialmente a cualquier persona perteneciente a la iglesia cristiana desde los creyentes hasta el pastor.Incluye índice temático
600 1# - PUNTO DE ACCESO ADICIONAL DE MATERIA--NOMBRE DE PERSONA
Fuente del encabezamiento o término Traductor
Nombre de persona De la Cruz Herrera, Don Enrique
9 (RLIN) 28847
650 1# - PUNTO DE ACCESO ADICIONAL DE MATERIA--TÉRMINO DE MATERIA
Fuente del encabezamiento o término Biblia
Término de materia o nombre geográfico como elemento de entrada Biblia cristiana
Subdivisión de forma Devocional
9 (RLIN) 28848
651 ## - PUNTO DE ACCESO ADICIONAL DE MATERIA--NOMBRE GEOGRÁFICO
Fuente del encabezamiento o término Teología
Nombre geográfico Biblia cristiana
Subdivisión de forma Uso diario
9 (RLIN) 28849
700 1# - PUNTO DE ACCESO ADICIONAL--NOMBRE DE PERSONA
Código de función/relación Trad y rev.
Nombre de persona De la Cruz Herrera, Don Enrique
9 (RLIN) 28850
856 ## - LOCALIZACIÓN Y ACCESO ELECTRÓNICOS
Especificación de materiales https://baul.fahho.mx/Record/59330
942 ## - ELEMENTOS DE PUNTO DE ACCESO ADICIONAL (KOHA)
Fuente del sistema de clasificación o colocación Library of Congress Classification
Tipo de ítem Koha Libros
Holdings
Estado de retiro Estado de pérdida Fuente del sistema de clasificación o colocación Estado dañado No para préstamo Código de colección Localización permanente Ubicación/localización actual Fecha de adquisición Fuente de adquisición Total de préstamos Signatura topográfica completa Código de barras Fecha visto por última vez Precio válido a partir de Tipo de ítem Koha
El ejemplar forma parte de la colección y puede ser consultado según las políticas vigentes.   Library of Congress Classification     Conventual Franz Mayer Biblioteca del Museo Franz Mayer (Rogerio Casas-Alatriste) Biblioteca del Museo Franz Mayer (Rogerio Casas-Alatriste) 19/07/2023 Donación   CO100 R43 1789 CFM00499 19/07/2023 19/07/2023 Libros